000 00690nam a2200289Ia 4500
005 20260324143919.0
008 008 260324s9999 xx 000 0 eng d
020 _a9781315035239
037 _aEBOOK
040 _aCRL
040 _beng
040 _cCRL
041 _2eng
041 _aeng
084 _qCRL
100 _aJean Boyd
_91217396
245 4 _aThe Caliph's Sister
245 0 _bNana Asma'u, 1793-1865, Teacher, Poet and Islamic Leader
260 _bTaylor and Francis
260 _c1990
365 _a
365 _b220
856 _uhttp://www.taylorfrancis.com/books/9781315035239
942 _cEBOOK
999 _c1823358
_d1823358